What's That Order? - Statistics

General Stats
  • This quiz has been taken 19 times
  • The average score is 10 of 13
Answer Stats
Hint Answer % Correct
Answers Island whose capital is Kingston Jamaica
100%
Answers It's dictator was Fidel Castro Cuba
94%
Answers Country with Machu Picchu Peru
94%
Answers Country North of the above Canada
89%
Answers Country famous for avocados Mexico
89%
Answers Country famous for its canal Panama
89%
Answers Richest country in the world United States
89%
Answers The name means "The Savior" El Salvador
78%
Answers Largest territory of Denmark Greenland
78%
Answers Borders Dominican Republic Haiti
78%
Answers It's capital is Santo Domingo Dominican Republic
61%
Answers Major sea bordering the above Caribbean
50%
What's The Order? Final Order: Yakko's World
0%
No matching quizzes found
Score Distribution
Percent of People with Each Score
Percentile by Number Answered
Your Score History
You have not taken this quiz